zpět

Detail výsledku týmu

Max Beer Bar, Benešov

Datum a čas kvízu

28.5 Celkem bodů Celkový počet nahraných bodů na tomto kvízu bez doplňovacích otázek.
3. Pořadí na kvízu Konečné umístění týmu na tomto kvízu.

Zaznamenané odpovědi

# Otázka Odpověď Body Výsledky
1. V pátek a sobotu se v Kolovči... A) na Chodsku 1
2. Příznivci alternativního divad... C) automobily, autobusy a bagry 0
3. Minulý týden bylo odtajněno po... Libor Bouček; Žolík 0.5
4. Speciálem etiopských aerolinií... Lucy 0
5. 25letý švédský atlet překonal... Armand Duplantis; skok o tyči 0
6. Hned v první otázce se zaměřím... 1D 2A 3C 4B 1
7. Z následujících možností vyber... A 0
8. Který z těchto výroků o prezid... B 1
9. NW Präsident byl v roce 1897 p... Tatra, Kopřivnice 0
10. Která zpěvačka nahrála skladbu... Pink 0